Race and racism in nineteenth-century art : the ascendency of Robert Duncanson, Edward Bannister, and Edmonia Lewis /

में बचाया:
ग्रंथसूची विवरण
मुख्य लेखक: Woods, Naurice Frank Jr
स्वरूप: पुस्तक
भाषा:अंग्रेज़ी
प्रकाशित: Jackson : University Press of Mississippi, 2021
टैग: टैग जोड़ें
कोई टैग नहीं, इस रिकॉर्ड को टैग करने वाले पहले व्यक्ति बनें!

MARC

LEADER 00000nam a22000007i 4500
001 IT\ICCU\UBO\4868105
003 ItRI
005 20260115232011.0
008 250325s2021 xxu|||||| ||||| |||||c
020 |a 9781496834355 
040 |b ita  |c importazione bologna sebina 
041 7 |a eng  |2 ISO-639-2 
100 1 |a Woods, Naurice Frank Jr.  |0 IT\ICCU\UBOV\155441 
240 1 0 |a Race and racism in nineteenth-century art  |3 IT\ICCU\UBO\4868107  |9 Woods, Naurice Frank Jr. 
245 1 0 |a Race and racism in nineteenth-century art :  |b the ascendency of Robert Duncanson, Edward Bannister, and Edmonia Lewis /  |c Naurice Frank Woods Jr. ; foreword by George Dimock. 
260 |a Jackson :  |b University Press of Mississippi,  |c 2021 
300 |a xi, 267 p. :  |b ill. ;  |c 23 cm 
942 |2 ddc  |c BK  |n 0 
952 |0 0  |1 0  |4 0  |6 DOC_704_039000000000000_WOO  |7 0  |9 18699  |a BO  |b BO  |d 2026-01-15  |i 20127  |l 0  |o DOC 704.039 WOO  |p BO20127  |r 2026-01-15 23:20:11  |w 2026-01-15  |x [Sebina 5] [1 v.]  |y BK  |z 1 v. 
999 |c 15862  |d 15862